000
00267 a2200145 4500
001
175632
020
_a
040
_c
Magnum
100
_a
-
240
1
0
_a
Rondaiberia
_l
por
245
1
0
_a
Rondaiberia
362
0
_a
1899
697
_a
MAGNITO: GERAL
942
_c
BK
999
_c
175632
_d
175632